Word Scramble - US States - Statistics

General Stats
  • This quiz has been taken 52 times
  • The average score is 14 of 15
Answer Stats
Hint Answer % Correct
IIAHWA Hawaii
98%
OWIA Iowa
98%
NSSAAK Kansas
98%
IEMNA Maine
98%
HIOO Ohio
98%
NSRSAAAK Arkansas
95%
HDOIA Idaho
95%
DANVAE Nevada
95%
XSEAT Texas
95%
SIWNOCISN Wisconsin
95%
AELDREWA Delaware
93%
NTVROEM Vermont
93%
EWYRKON New York
91%
RYAMDNAL Maryland
89%
EOOGNR Oregon
89%
No matching quizzes found
Score Distribution
Percent of People with Each Score
Percentile by Number Answered
Your Score History
You have not taken this quiz